[Event "EUR-ch U14 w"]
[Site "Batumi GEO"]
[Date "2014.10.26"]
[Round "7"]
[White "Louka, Magdalini"]
[Black "Misiuk, Karolina"]
[Result "0-1"]
[WhiteElo "1689"]
[BlackElo "1480"]
[PlyCount "92"]
[EventDate "2014.10.19"]
[EventType "swiss"]
[EventRounds "9"]
[EventCountry "CAN"]
[Source "Chessbase"]
[SourceDate "2015.02.06"]

1. e4 c5 2. Nf3 Nc6 3. d4 cxd4 4. Nxd4 g6 5. c4 Bg7 6. Be3 Nf6 7. Nc3 d6 8. Be2
Nxd4 9. Bxd4 O-O 10. O-O Bd7 11. Qd2 Bc6 12. f3 a5 13. Rab1 Nd7 14. Be3 Nc5 15.
Rfc1 b6 16. g3 Qc7 17. Rf1 Rfd8 18. Nd5 Bxd5 19. exd5 Qd7 20. Rfe1 Qf5 21. Kg2
Bf6 22. Rbd1 Re8 23. Bd4 Bxd4 24. Qxd4 Rab8 25. Rd2 Rb7 26. Bd3 Qd7 27. Rde2
Qd8 28. Bc2 Na6 29. a3 b5 30. cxb5 Rxb5 31. Bd3 Rb6 32. Rxe7 Rxe7 33. Rxe7 Nc5
34. Qf6 Qf8 35. Bc4 Nb3 36. Rxf7 Qxf7 37. Qd8+ Qf8 38. Qxb6 Nd2 39. Be2 Qe8 40.
Kf2 Qa4 41. Qb8+ Kf7 42. Qxd6 Qd4+ 43. Kg2 Qe3 44. Qd7+ Kg8 45. Bd1 Qe1 46. Bc2
Qf1# 0-1

[Event "EUR-ch U14 w"]
[Site "Batumi GEO"]
[Date "2014.10.26"]
[Round "7"]
[White "Maksimovic, Masa"]
[Black "Guluzada, Narmin Yalchin Q"]
[Result "1/2-1/2"]
[WhiteElo "1679"]
[BlackElo "1381"]
[PlyCount "182"]
[EventDate "2014.10.19"]
[EventType "swiss"]
[EventRounds "9"]
[EventCountry "CAN"]
[Source "Chessbase"]
[SourceDate "2015.02.06"]

1. e4 c6 2. d4 d5 3. e5 Bf5 4. g4 Bg6 5. e6 Qd6 6. exf7+ Bxf7 7. Qe2 Nd7 8. Nh3
O-O-O 9. Bf4 Qg6 10. f3 Re8 11. Be5 Nxe5 12. dxe5 h5 13. g5 Qf5 14. c3 g6 15.
Rg1 Bg7 16. f4 Qd7 17. Nf2 Be6 18. Nd3 Qc7 19. Nc5 Bg4 20. Qd2 Qb6 21. b4 e6
22. Rg3 Bf8 23. Na4 Qc7 24. Qd4 a6 25. Nd2 Ne7 26. Qf2 Bg7 27. h3 Bf5 28. Nb3
Rhf8 29. Qd2 Rf7 30. Nac5 Kb8 31. Bxa6 b6 32. Nb7 Rff8 33. Nd6 Rd8 34. Nd4 Ka7
35. N6b5+ cxb5 36. Nxb5+ Kxa6 37. Nxc7+ Kb7 38. Nb5 Be4 39. Nd6+ Ka7 40. Qc1
Nf5 41. Qa3+ Kb8 42. Nxf5 Rxf5 43. Qc1 Rdf8 44. Qe3 Kb7 45. O-O-O Rxf4 46. c4
Bxe5 47. cxd5 Rc8+ 48. Kd2 Rc2+ 49. Ke1 Rc3 50. Qxc3 Bxc3+ 51. Rxc3 Bxd5 52. a3
Rf5 53. h4 Rf4 54. Rh3 Rg4 55. Kf2 Rg2+ 56. Ke3 Rg4 57. Rd4 Rg1 58. Rf4 e5 59.
Rf6 Ra1 60. Kd2 Be4 61. Re3 Ra2+ 62. Kc1 Rc2+ 63. Kd1 Rc4 64. Ke1 Rd4 65. Kf2
Rd2+ 66. Re2 Rd4 67. Rxe4 Rxe4 68. Kg3 Re3+ 69. Kf2 Rxa3 70. Rxg6 Rh3 71. b5
Kc7 72. Re6 Rxh4 73. Rxe5 Rg4 74. Kf3 Rg1 75. Kf4 h4 76. Re7+ Kd6 77. Rh7 Rf1+
78. Kg4 Rg1+ 79. Kf5 Rf1+ 80. Kg6 Rf4 81. Kg7 Ke6 82. g6 Kf5 83. Rh6 Rg4 84.
Kh7 Kf6 85. g7+ Kf7 86. Rxb6 Rxg7+ 87. Kh6 Rg8 88. Rb7+ Ke6 89. Rc7 h3 90. Rc1
h2 91. Rh1 Rb8 1/2-1/2

[Event "EUR-ch U14 w"]
[Site "Batumi GEO"]
[Date "2014.10.26"]
[Round "7"]
[White "Mican, Karmela"]
[Black "Urbanc, Ana"]
[Result "1-0"]
[WhiteElo "1726"]
[BlackElo "1554"]
[PlyCount "86"]
[EventDate "2014.10.19"]
[EventType "swiss"]
[EventRounds "9"]
[EventCountry "CAN"]
[Source "Chessbase"]
[SourceDate "2015.02.06"]

1. e4 c5 2. Nf3 Nc6 3. Bb5 d6 4. O-O e6 5. c3 a6 6. Bxc6+ bxc6 7. d3 Be7 8. Bf4
Bb7 9. Nbd2 e5 10. Be3 Nf6 11. h3 O-O 12. Nc4 Qc7 13. Qa4 Nd7 14. Qa5 Bd8 15.
Qxc7 Bxc7 16. Nh4 d5 17. Na3 Kh8 18. g4 h6 19. Nf5 Rae8 20. Kh1 Kh7 21. Rg1 g5
22. h4 d4 23. Bd2 f6 24. Rg3 Kg6 25. Kg2 Rh8 26. Rh1 Rh7 27. Rgh3 Rhh8 28. hxg5
fxg5 29. Rxh6+ Rxh6 30. Rxh6+ Kf7 31. Rh7+ Ke6 32. Ng7+ Kf7 33. Nxe8+ Kxe8 34.
Bxg5 Bd6 35. Nc4 Bf8 36. Kg3 Ba8 37. f4 exf4+ 38. Kxf4 Bb7 39. e5 dxc3 40. bxc3
Bc8 41. e6 Nb8 42. Ne5 a5 43. Rh8 Bxe6 1-0

[Event "EUR-ch U14 w"]
[Site "Batumi GEO"]
[Date "2014.10.26"]
[Round "7"]
[White "Milovanova, Maria"]
[Black "Grigoryan, Arpine"]
[Result "1-0"]
[WhiteElo "1965"]
[BlackElo "1793"]
[PlyCount "53"]
[EventDate "2014.10.19"]
[EventType "swiss"]
[EventRounds "9"]
[EventCountry "CAN"]
[Source "Chessbase"]
[SourceDate "2015.02.06"]

1. d4 Nf6 2. c4 e6 3. Nf3 b6 4. g3 Ba6 5. Qc2 Bb7 6. Bg2 c5 7. d5 exd5 8. Nh4
d6 9. Nc3 Be7 10. cxd5 O-O 11. O-O Re8 12. e4 Nbd7 13. f4 a6 14. a4 Rb8 15. b3
b5 16. Bb2 c4 17. bxc4 bxc4 18. Ba3 Ng4 19. Nf5 Qb6+ 20. Kh1 Nc5 21. h3 Nb3 22.
Rae1 Nf6 23. e5 Nh5 24. Kh2 Nc5 25. Bxc5 dxc5 26. g4 Nxf4 27. Nxe7+ 1-0

[Event "EUR-ch U14 w"]
[Site "Batumi GEO"]
[Date "2014.10.26"]
[Round "7"]
[White "Nadzamova, Sofia"]
[Black "Garcia Martin, Marta"]
[Result "0-1"]
[WhiteElo "1734"]
[BlackElo "2027"]
[PlyCount "80"]
[EventDate "2014.10.19"]
[EventType "swiss"]
[EventRounds "9"]
[EventCountry "CAN"]
[Source "Chessbase"]
[SourceDate "2015.02.06"]

1. e4 e5 2. Nf3 Nc6 3. Bb5 a6 4. Ba4 Nf6 5. O-O Be7 6. Re1 b5 7. Bb3 d6 8. c3
O-O 9. d3 Na5 10. Bc2 c5 11. Nbd2 Re8 12. Nf1 h6 13. Ne3 Bf8 14. b4 cxb4 15.
cxb4 Nc6 16. Qd2 d5 17. a3 d4 18. Nf1 Be6 19. Qd1 Nd7 20. N1d2 a5 21. bxa5 Rxa5
22. Nb3 Ra7 23. Bb2 Nb6 24. Qc1 Ra6 25. Bd1 Na4 26. Nbd2 Nc5 27. Bc2 Qd7 28.
Qd1 Rea8 29. Qc1 Bd6 30. Qd1 Qe7 31. Qc1 Qd7 32. Qd1 Na4 33. Bxa4 Rxa4 34. Qc1
Nd8 35. Re2 Nb7 36. Ne1 Nc5 37. Qd1 Bg4 38. f3 Be6 39. Kh1 Be7 40. Nc2 Nxd3 0-1

[Event "EUR-ch U14 w"]
[Site "Batumi GEO"]
[Date "2014.10.26"]
[Round "7"]
[White "Napishvili, Mariam"]
[Black "Skaslien, Maria"]
[Result "1-0"]
[WhiteElo "1298"]
[BlackElo "1460"]
[PlyCount "97"]
[EventDate "2014.10.19"]
[EventType "swiss"]
[EventRounds "9"]
[EventCountry "CAN"]
[Source "Chessbase"]
[SourceDate "2015.02.06"]

1. e4 e5 2. Nf3 Nc6 3. Bc4 Nf6 4. d3 Bc5 5. Bg5 d6 6. h3 O-O 7. Nc3 Be6 8. Bb3
Na5 9. O-O Nxb3 10. axb3 a6 11. d4 exd4 12. Nxd4 Qe7 13. Qd3 h6 14. Bh4 c6 15.
Rad1 Rad8 16. Qf3 g5 17. Bg3 Nh7 18. Na4 Ba7 19. Nf5 Bxf5 20. Qxf5 Bb8 21. Rfe1
Qe6 22. Qf3 f5 23. exf5 Qxf5 24. Qxf5 Rxf5 25. Re6 Rf6 26. Rxf6 Nxf6 27. Nc5
Ba7 28. Rxd6 Rxd6 29. Bxd6 Bxc5 30. Bxc5 Nd5 31. g3 Kf7 32. Kg2 Nc7 33. Kf3 Ne6
34. Be3 Kf6 35. Ke4 h5 36. Bd4+ Kg6 37. Ke5 Nc7 38. f4 Ne8 39. fxg5 Kxg5 40.
Be3+ Kg6 41. Bf4 Nc7 42. c4 Na8 43. Kd6 Kf7 44. Kd7 Kg6 45. Kc8 Nb6+ 46. Kc7
Nd5+ 47. cxd5 cxd5 48. Kxb7 d4 49. Kxa6 1-0

[Event "EUR-ch U14 w"]
[Site "Batumi GEO"]
[Date "2014.10.26"]
[Round "7"]
[White "Obolentseva, Alexandra"]
[Black "Krasnokutskaya, Sofiya"]
[Result "1/2-1/2"]
[WhiteElo "2126"]
[BlackElo "1851"]
[PlyCount "115"]
[EventDate "2014.10.19"]
[EventType "swiss"]
[EventRounds "9"]
[EventCountry "CAN"]
[Source "Chessbase"]
[SourceDate "2015.02.06"]

1. d4 Nf6 2. Nf3 e6 3. g3 b6 4. Bg2 Bb7 5. O-O Be7 6. c4 O-O 7. Nc3 c5 8. Bg5
h6 9. Bxf6 Bxf6 10. e4 d6 11. Rc1 Nc6 12. d5 Nd4 13. Nxd4 Bxd4 14. Qd2 exd5 15.
cxd5 Ba6 16. Ne2 Qf6 17. b3 Rae8 18. Kh1 Bxe2 19. Qxe2 Qg6 20. f4 f5 21. Rfe1
Qf6 22. Qa6 fxe4 23. Rxe4 Rxe4 24. Bxe4 Be3 25. Re1 Bf2 26. Rf1 Qd4 27. Bg2 Be3
28. Qxa7 c4 29. bxc4 Qxc4 30. h3 Bc5 31. Qe7 Qc3 32. Qe6+ Kh8 33. Qg6 Qf6 34.
Be4 Qxg6 35. Bxg6 Kg8 36. g4 Be3 37. f5 Bd4 38. Re1 Rc8 39. Re6 Be5 40. a4 Rd8
41. Re7 Ra8 42. Kg2 Kf8 43. Re6 Rd8 44. Kf3 Bf6 45. Ke2 Be7 46. Re4 Rc8 47. Rb4
Bd8 48. Kd3 Rc5 49. Ke4 Ra5 50. h4 Bxh4 51. Rxb6 Rxa4+ 52. Kf3 Ra3+ 53. Ke4
Ra4+ 54. Kd3 Ke7 55. Rb7+ Kf6 56. Rf7+ Ke5 57. Rxg7 Rxg4 58. Rh7 1/2-1/2

[Event "EUR-ch U14 w"]
[Site "Batumi GEO"]
[Date "2014.10.26"]
[Round "7"]
[White "Olde, Margareth"]
[Black "Lomandong, Noela Joyce"]
[Result "1/2-1/2"]
[WhiteElo "1773"]
[BlackElo "1852"]
[PlyCount "114"]
[EventDate "2014.10.19"]
[EventType "swiss"]
[EventRounds "9"]
[EventCountry "CAN"]
[Source "Chessbase"]
[SourceDate "2015.02.06"]

1. c4 e6 2. g3 d5 3. Bg2 c6 4. Qc2 Nf6 5. Nf3 Nbd7 6. O-O Be7 7. d4 O-O 8. Bf4
Nh5 9. Bd2 g6 10. Ne5 Nxe5 11. dxe5 f6 12. exf6 Bxf6 13. Nc3 Ng7 14. Rad1 Bd7
15. Qb3 Qe7 16. e3 Rfd8 17. cxd5 exd5 18. Bxd5+ Kh8 19. Bg2 Bg4 20. f3 Be6 21.
Qc2 Bf5 22. e4 Qc5+ 23. Kh1 Be6 24. Qc1 Bd4 25. b3 a5 26. Ne2 Qxc1 27. Bxc1 Bf6
28. Be3 a4 29. Nc1 axb3 30. axb3 Ra3 31. Bc5 Rxd1 32. Bxa3 Rd2 33. f4 Bb2 34.
Bxb2 Rxb2 35. Rd1 Bg8 36. Bf1 h6 37. Rd3 Rb1 38. Rc3 Ne6 39. Kg2 Nd4 40. Bc4
Rb2+ 41. Kh3 b5 42. Bxg8 Kxg8 43. Rd3 c5 44. Rc3 b4 45. Rxc5 Nf3 46. Nd3 Rxh2+
47. Kg4 Nd2 48. Rc8+ Kg7 49. Rc7+ Kg8 50. Nxb4 Nxe4 51. Rc2 h5+ 52. Kf3 Rxc2
53. Nxc2 Nd2+ 54. Ke3 Nxb3 55. Nb4 Kf7 56. Nd5 Ke6 57. Nc3 Nc5 1/2-1/2

[Event "EUR-ch U14 w"]
[Site "Batumi GEO"]
[Date "2014.10.26"]
[Round "7"]
[White "Parol, Pola"]
[Black "Coman, Emilia Florentina"]
[Result "0-1"]
[WhiteElo "1775"]
[BlackElo "1636"]
[PlyCount "80"]
[EventDate "2014.10.19"]
[EventType "swiss"]
[EventRounds "9"]
[EventCountry "CAN"]
[Source "Chessbase"]
[SourceDate "2015.02.06"]

1. e4 c5 2. Nf3 a6 3. c4 Nc6 4. Nc3 e5 5. d3 d6 6. g3 g6 7. Bg2 Bg7 8. O-O Nge7
9. a3 O-O 10. Rb1 f5 11. b4 f4 12. Nd5 Nxd5 13. cxd5 Nd4 14. Nxd4 cxd4 15. gxf4
exf4 16. f3 Be5 17. Bb2 Kh8 18. Qd2 Qf6 19. Rbc1 Rg8 20. Kh1 g5 21. Qf2 h5 22.
Rg1 g4 23. Bf1 Rg7 24. Rg2 g3 25. Qc2 h4 26. Rd2 h3 27. Qxc8+ Rxc8 28. Rxc8+
Rg8 29. Rxg8+ Kxg8 30. Bxh3 Qh4 31. Be6+ Kg7 32. h3 Qd8 33. Rc2 Qb6 34. Rc4 Qb5
35. Rc7+ Kh6 36. Bf5 Qxd3 37. Rh7+ Kg5 38. h4+ Kf6 39. Rh6+ Kf7 40. Be6+ Kg7
0-1

[Event "EUR-ch U14 w"]
[Site "Batumi GEO"]
[Date "2014.10.26"]
[Round "7"]
[White "Prakapuk, Vera"]
[Black "Shuvalova, Polina"]
[Result "0-1"]
[WhiteElo "1817"]
[BlackElo "2142"]
[PlyCount "82"]
[EventDate "2014.10.19"]
[EventType "swiss"]
[EventRounds "9"]
[EventCountry "CAN"]
[Source "Chessbase"]
[SourceDate "2015.02.06"]

1. e4 c5 2. Nf3 g6 3. d4 cxd4 4. Qxd4 Nf6 5. e5 Nc6 6. Qa4 Nd5 7. Qe4 Nb6 8.
Bf4 Bg7 9. Nc3 d5 10. Qe2 Bg4 11. O-O-O e6 12. Qe1 a6 13. Ne4 Bxf3 14. Nd6+ Kf8
15. gxf3 Nd7 16. Qe3 b5 17. Kb1 Ncxe5 18. Bh3 Qb6 19. Bxe5 Bxe5 20. Qxb6 Nxb6
21. Nb7 Na4 22. c3 a5 23. Rde1 Ra7 24. Rxe5 Rxb7 25. Kc2 Ke7 26. Rd1 Kf6 27.
Re3 b4 28. cxb4 Rxb4 29. Rb3 Rc8+ 30. Kb1 Rxb3 31. axb3 Nb6 32. Bf1 Ke5 33. Bb5
Kf4 34. Rd3 e5 35. h3 f5 36. Re3 Rc5 37. Be2 d4 38. Rd3 Nd5 39. Bd1 Nb4 40. Rd2
d3 41. h4 h5 0-1

[Event "EUR-ch U14 w"]
[Site "Batumi GEO"]
[Date "2014.10.26"]
[Round "7"]
[White "Samchenko, Serafima"]
[Black "Vavrinkova, Eliska"]
[Result "1-0"]
[WhiteElo "1637"]
[BlackElo "1495"]
[PlyCount "43"]
[EventDate "2014.10.19"]
[EventType "swiss"]
[EventRounds "9"]
[EventCountry "CAN"]
[Source "Chessbase"]
[SourceDate "2015.02.06"]

1. e4 d5 2. exd5 Qxd5 3. Nf3 Bg4 4. Nc3 Qd6 5. Be2 Nf6 6. O-O e6 7. d4 c6 8. h3
Bh5 9. g4 Bg6 10. Ne5 Qc7 11. h4 Bd6 12. Bf4 Nbd7 13. Nxd7 Qxd7 14. Be5 Bxe5
15. dxe5 Qxd1 16. Bxd1 Nd7 17. h5 Bxh5 18. gxh5 Nxe5 19. Be2 O-O 20. Rad1 Nd7
21. Ne4 g6 22. Nd6 1-0

[Event "EUR-ch U14 w"]
[Site "Batumi GEO"]
[Date "2014.10.26"]
[Round "7"]
[White "Sargsyan, Anna M"]
[Black "Erseki, Tamara"]
[Result "1-0"]
[WhiteElo "1705"]
[BlackElo "1863"]
[PlyCount "65"]
[EventDate "2014.10.19"]
[EventType "swiss"]
[EventRounds "9"]
[EventCountry "CAN"]
[Source "Chessbase"]
[SourceDate "2015.02.06"]

1. e4 c5 2. Nc3 Nc6 3. g3 g6 4. Bg2 Bg7 5. d3 d6 6. Be3 h5 7. h3 h4 8. g4 f5 9.
gxf5 gxf5 10. Nge2 Bd7 11. Rg1 Bf6 12. Nf4 e5 13. Ng6 Rh7 14. exf5 Qa5 15. Qd2
O-O-O 16. O-O-O Bxf5 17. Bg5 Bxg5 18. Qxg5 Nd4 19. Nxh4 Be6 20. Be4 Rhd7 21.
Rg3 Bxa2 22. Nf3 Be6 23. Nd2 Qa1+ 24. Ndb1 b5 25. Re1 b4 26. Nd5 Qa4 27. Qd2
Ne7 28. Nxe7+ Rxe7 29. Kd1 Rh8 30. Bg2 Qa1 31. Qc1 Reh7 32. Bh1 b3 33. c3 1-0

[Event "Eastern Ontario op"]
[Site "Ottawa CAN"]
[Date "2014.06.20"]
[Round "1"]
[White "Barlow Wilkes, Curtis"]
[Black "Doubleday, William"]
[Result "0-1"]
[WhiteElo "1952"]
[BlackElo "2208"]
[PlyCount "36"]
[EventDate "2014.06.20"]
[EventType "swiss"]
[EventRounds "5"]
[EventCountry "CAN"]

1. e4 c5 2. c4 Nc6 3. Nc3 g6 4. g3 Bg7 5. Bg2 d6 6. Nge2 h5 7. d3 h4 8. O-O
hxg3 9. hxg3 Bh3 10. Bxh3 Rxh3 11. Kg2 Qd7 12. Be3 O-O-O 13. Rh1 Rxh1 14. Qxh1
Nf6 15. f3 Rh8 16. Qg1 Ne5 17. Rd1 Qh3+ 18. Kf2 Qh2+ 0-1

[Event "Eastern Ontario op"]
[Site "Ottawa CAN"]
[Date "2014.06.20"]
[Round "1"]
[White "Dumont, Felix"]
[Black "Qin, Zi Yi (Joey)"]
[Result "1-0"]
[WhiteElo "2184"]
[BlackElo "2446"]
[PlyCount "97"]
[EventDate "2014.06.20"]
[EventType "swiss"]
[EventRounds "5"]
[EventCountry "CAN"]

1. e4 c5 2. Nf3 d6 3. Nc3 Nf6 4. e5 dxe5 5. Nxe5 e6 6. Bb5+ Nbd7 7. d4 a6 8.
Nxd7 Bxd7 9. Bxd7+ Qxd7 10. dxc5 Qc6 11. O-O Bxc5 12. Bg5 Be7 13. Qe2 Rc8 14.
Rac1 h6 15. Bf4 O-O 16. Rfd1 b5 17. Rd3 b4 18. Nd1 Nd5 19. Bd2 Qb5 20. Qg4 Rc4
21. Qg3 Bh4 22. Qf3 Rfc8 23. g3 Bf6 24. c3 bxc3 25. Nxc3 Qb8 26. Rd1 Nb4 27.
Rd7 Qe5 28. Qb7 Nc2 29. Bf4 Qh5 30. Ne4 e5 31. Bxh6 Qxh6 32. Nd6 Ne3 33. Nxf7
Qh5 34. fxe3 Rc2 35. R1d2 Rc1+ 36. Kg2 Qf5 37. Rf2 Qe6 38. Ng5 Qc6+ 39. Qxc6
R8xc6 40. Ne4 R1c4 41. Nxf6+ gxf6 42. Rfd2 Rc2 43. Kf3 Rxd2 44. Rxd2 Kf7 45. g4
Kg6 46. h4 Rc1 47. Rd6 Rh1 48. g5 e4+ 49. Kg3 1-0

[Event "Eastern Ontario op"]
[Site "Ottawa CAN"]
[Date "2014.06.20"]
[Round "1"]
[White "Gelblum, Robert"]
[Black "Zhong, Joey"]
[Result "1-0"]
[WhiteElo "2243"]
[BlackElo "1969"]
[PlyCount "79"]
[EventDate "2014.06.20"]
[EventType "swiss"]
[EventRounds "5"]
[EventCountry "CAN"]

1. e4 e6 2. d3 d5 3. Qe2 Be7 4. Nf3 Nf6 5. g3 c5 6. Bg2 Nc6 7. O-O O-O 8. e5
Nd7 9. c4 a6 10. h4 b5 11. Na3 Rb8 12. Bf4 bxc4 13. dxc4 d4 14. Rfe1 Qc7 15. b3
a5 16. Nb5 Qb6 17. h5 Nb4 18. Rad1 a4 19. h6 g6 20. Qd2 axb3 21. axb3 Re8 22.
Bg5 Bf8 23. Qf4 Bb7 24. Nh2 Ba6 25. Nc3 Nc2 26. Ne4 Nxe1 27. Rxe1 Bb7 28. Nd2
Bxg2 29. Kxg2 Qc6+ 30. Kg1 Ra8 31. Ng4 Rab8 32. Rb1 Ra8 33. Ne4 Reb8 34. Nef6+
Nxf6 35. Nxf6+ Kh8 36. Nxh7 Rxb3 37. Qf6+ Kg8 38. Rf1 Rf3 39. Nxf8 Rxf6 40. h7+
1-0

[Event "Eastern Ontario op"]
[Site "Ottawa CAN"]
[Date "2014.06.20"]
[Round "1"]
[White "Martin, Spencer"]
[Black "Pacey, Kevin"]
[Result "0-1"]
[WhiteElo "1850"]
[BlackElo "2169"]
[PlyCount "118"]
[EventDate "2014.06.20"]
[EventType "swiss"]
[EventRounds "5"]
[EventCountry "CAN"]

1. e4 e5 2. Nc3 Nc6 3. Bc4 Nf6 4. d3 Na5 5. Nf3 Nxc4 6. dxc4 Bb4 7. Bd2 d6 8.
Qe2 Bg4 9. a3 Bc5 10. Be3 Bxe3 11. Qxe3 Qe7 12. Nd2 O-O 13. O-O Be6 14. Nd5
Nxd5 15. cxd5 Bd7 16. c4 b6 17. Nb1 f5 18. f3 fxe4 19. fxe4 Rxf1+ 20. Kxf1 Rf8+
21. Kg1 Qf7 22. Nc3 a6 23. h3 Qf4 24. Qxf4 exf4 25. Re1 Re8 26. Kf2 g5 27. b4
Kg7 28. Kf3 Kf6 29. Rc1 Ke5 30. Ne2 h5 31. c5 g4+ 32. hxg4 hxg4+ 33. Kf2 g3+
34. Kf3 Rg8 35. Nxf4 Rf8 36. Kxg3 Rxf4 37. cxb6 cxb6 38. Rc7 Rf7 39. Ra7 Kxe4
40. Rxa6 b5 41. Rxd6 Ke5 42. Rb6 Kxd5 43. Rb7 Kc6 44. Ra7 Kb6 45. Ra8 Rg7+ 46.
Kf4 Rxg2 47. Ke5 Rd2 48. Ra5 Bc6 49. Kf4 Re2 50. Kf5 Be4+ 51. Ke5 Bc2+ 52. Kd4
Rh2 53. Ra8 Ba4 54. Re8 Rd2+ 55. Kc3 Ra2 56. Kd4 Rxa3 57. Re6+ Kc7 58. Re7+ Kd6
59. Rb7 Rb3 0-1

[Event "Eastern Ontario op"]
[Site "Ottawa CAN"]
[Date "2014.06.20"]
[Round "2"]
[White "Cova, Ramon"]
[Black "De Kerpel, Stijn"]
[Result "1/2-1/2"]
[WhiteElo "2124"]
[BlackElo "2237"]
[PlyCount "73"]
[EventDate "2014.06.20"]
[EventType "swiss"]
[EventRounds "5"]
[EventCountry "CAN"]

1. e4 d5 2. exd5 Qxd5 3. Nc3 Qd6 4. Nf3 Nf6 5. Qe2 a6 6. Ne4 Nxe4 7. Qxe4 Nc6
8. Bc4 g6 9. d3 Bg7 10. O-O Bf5 11. Qh4 h6 12. Rb1 g5 13. Qg3 Ne5 14. Nxe5 Qxe5
15. f4 Qc5+ 16. Kh1 g4 17. b4 Qd6 18. Be3 b6 19. a4 a5 20. bxa5 Rxa5 21. Bd2
Ra8 22. a5 bxa5 23. Rb5 Bd7 24. Rxa5 Rxa5 25. Bxa5 O-O 26. Qe1 Rb8 27. Bb3 Ra8
28. Bb4 c5 29. Bd2 Bf6 30. Bc3 h5 31. Bxf6 exf6 32. Kg1 Re8 33. Qh4 Qd4+ 34.
Qf2 Re2 35. Qxd4 cxd4 36. Rf2 Re1+ 37. Rf1 1/2-1/2

[Event "Eastern Ontario op"]
[Site "Ottawa CAN"]
[Date "2014.06.21"]
[Round "2"]
[White "Doubleday, William"]
[Black "Wan, Kevin"]
[Result "1/2-1/2"]
[WhiteElo "2208"]
[BlackElo "2147"]
[PlyCount "148"]
[EventDate "2014.06.20"]
[EventType "swiss"]
[EventRounds "5"]
[EventCountry "CAN"]

1. d4 d5 2. c4 e6 3. Nc3 Nf6 4. Nf3 c6 5. Bf4 dxc4 6. a4 Nd5 7. e3 Bb4 8. Rc1
Nxf4 9. exf4 b5 10. Be2 a6 11. O-O Nd7 12. Ne5 Bb7 13. Bf3 Nxe5 14. fxe5 Qd7
15. Qe2 O-O 16. Rfd1 Qc7 17. Ne4 Be7 18. Nc5 Rad8 19. Nxb7 Qxb7 20. b3 cxb3 21.
Bxc6 Qb6 22. axb5 axb5 23. Qb2 Bg5 24. Rc3 Rxd4 25. Rxd4 Qxd4 26. Bxb5 Qxe5 27.
Rxb3 Qe1+ 28. Bf1 Bf6 29. Qe2 Qa1 30. Qa6 Qe5 31. Qb5 Qd6 32. Qa6 Qd8 33. Qb6
Qd2 34. Qb4 Qd1 35. Rd3 Qc1 36. Qd2 Qc8 37. g3 g6 38. Qf4 Kg7 39. Rd2 Qb7 40.
Qc4 Qe7 41. Qc6 Be5 42. Qe4 Qf6 43. Rd3 Bb2 44. Qe2 Bd4 45. Qf3 Qd8 46. Rd2 e5
47. Bc4 Qa5 48. Ra2 Qc7 49. Bf1 Rb8 50. Qe4 Rb6 51. Rc2 Qa7 52. Qd5 Rf6 53. Kg2
Qa1 54. Qa2 Qd1 55. Re2 Qd3 56. Qa8 Qc3 57. Qe4 Qc5 58. Qc2 Qb6 59. f3 h5 60.
h4 Rc6 61. Qe4 Rc1 62. Rc2 Ra1 63. Re2 Qb3 64. Qc2 Qd5 65. Qe4 Qd6 66. Re1 Ra3
67. Bc4 Rc3 68. Bd3 Qa3 69. Be2 Re3 70. Qc2 e4 71. Qd2 Qc3 72. Rd1 exf3+ 73.
Bxf3 Rxf3 74. Qxd4+ Qxd4 1/2-1/2

[Event "Eastern Ontario op"]
[Site "Ottawa CAN"]
[Date "2014.06.20"]
[Round "2"]
[White "Pacey, Kevin"]
[Black "Gelblum, Robert"]
[Result "0-1"]
[WhiteElo "2169"]
[BlackElo "2243"]
[PlyCount "68"]
[EventDate "2014.06.20"]
[EventType "swiss"]
[EventRounds "5"]
[EventCountry "CAN"]

1. d4 d6 2. Nf3 g6 3. c4 Bg7 4. Nc3 Nf6 5. e4 O-O 6. Bg5 h6 7. Be3 Ng4 8. Bc1
e5 9. d5 f5 10. h3 Nf6 11. exf5 gxf5 12. Be2 a5 13. O-O Na6 14. Ne1 Bd7 15. f4
Qe8 16. fxe5 dxe5 17. Nd3 Qe7 18. Qe1 Nb4 19. Qg3 f4 20. Nxf4 exf4 21. Bxf4 Nc2
22. Rac1 Nd4 23. Bd3 Bf5 24. d6 Qd7 25. Bxh6 Nh5 26. Qg5 Bxd3 27. Rxf8+ Rxf8
28. Qxh5 Qxd6 29. Bxg7 Kxg7 30. Rd1 Bg6 31. Qxa5 Qg3 32. Kh1 Nf3 33. gxf3 Qxh3+
34. Kg1 Qg3+ 0-1

[Event "Eastern Ontario op"]
[Site "Ottawa CAN"]
[Date "2014.06.20"]
[Round "2"]
[White "Qin, Zi Yi (Joey)"]
[Black "Devine, Norman"]
[Result "1-0"]
[WhiteElo "2446"]
[BlackElo "1868"]
[PlyCount "77"]
[EventDate "2014.06.20"]
[EventType "swiss"]
[EventRounds "5"]
[EventCountry "CAN"]

1. e4 d5 2. exd5 Nf6 3. d4 Nxd5 4. Nf3 Bg4 5. Be2 e6 6. O-O Be7 7. c4 Nf6 8.
Nc3 c6 9. Bf4 O-O 10. Qd2 Nbd7 11. Rfd1 Nb6 12. Ne5 Bxe2 13. Qxe2 Bb4 14. Rd3
Qe7 15. Rh3 Bxc3 16. bxc3 Nbd7 17. Qd3 Rfd8 18. Ng4 h5 19. Nxf6+ Qxf6 20. Bc7
Rdc8 21. Rxh5 Qg6 22. Qh3 Qxh5 23. Qxh5 Rxc7 24. Rb1 Nf6 25. Qe5 Rd7 26. h4
Rad8 27. f3 b6 28. h5 Ne8 29. Kf2 c5 30. dxc5 Rd2+ 31. Kg3 bxc5 32. Rb8 Re2 33.
Qxe2 Rxb8 34. Qe3 Rc8 35. Qd2 Nf6 36. Kh4 Kh7 37. g4 Rc7 38. g5 Rd7 39. Qc2+
1-0

[Event "Eastern Ontario op"]
[Site "Ottawa CAN"]
[Date "2014.06.20"]
[Round "2"]
[White "Zhou, Qiyu"]
[Black "Dumont, Felix"]
[Result "1-0"]
[WhiteElo "2263"]
[BlackElo "2184"]
[PlyCount "39"]
[EventDate "2014.06.20"]
[EventType "swiss"]
[EventRounds "5"]
[EventCountry "CAN"]

1. e4 c5 2. Nf3 d6 3. d4 cxd4 4. Nxd4 Nf6 5. Nc3 Nc6 6. Bg5 e6 7. Qd2 a6 8.
O-O-O h6 9. Nxc6 bxc6 10. Bh4 Qb6 11. Na4 Qb7 12. e5 g5 13. exd6 Rb8 14. Bg3
Ne4 15. Qd4 Nxg3 16. hxg3 Rg8 17. Nc5 Bg7 18. Nxb7 Bxd4 19. d7+ Ke7 20. dxc8=N+
1-0

[Event "Eastern Ontario op"]
[Site "Ottawa CAN"]
[Date "2014.06.21"]
[Round "3"]
[White "De Kerpel, Stijn"]
[Black "Dumont, Felix"]
[Result "1/2-1/2"]
[WhiteElo "2237"]
[BlackElo "2184"]
[PlyCount "85"]
[EventDate "2014.06.20"]
[EventType "swiss"]
[EventRounds "5"]
[EventCountry "CAN"]

1. c4 Nf6 2. g3 g6 3. Bg2 Bg7 4. Nc3 O-O 5. e4 d6 6. Nge2 e5 7. O-O Nc6 8. d3
Nh5 9. Nd5 f5 10. exf5 gxf5 11. f4 Nf6 12. Rb1 Nxd5 13. Bxd5+ Kh8 14. b4 Ne7
15. Bg2 c6 16. Kh1 Be6 17. Qc2 Ng6 18. b5 d5 19. fxe5 dxc4 20. d4 Bd5 21. Ba3
Bxg2+ 22. Kxg2 Qd5+ 23. Kg1 Bh6 24. Bc1 Bxc1 25. Qxc1 cxb5 26. Qe3 Rad8 27. Nf4
Nxf4 28. Rxf4 Rc8 29. Qc3 Rc7 30. Qb4 Kg7 31. Qxb5 Qxb5 32. Rxb5 c3 33. Rf1 a6
34. Rb4 Rd8 35. Rc1 Kf7 36. Kf2 Ke6 37. Ke3 b5 38. a4 a5 39. Rxb5 Rc4 40. Rc2
Rdxd4 41. Rxa5 Re4+ 42. Kd3 Red4+ 43. Ke3 1/2-1/2

[Event "Eastern Ontario op"]
[Site "Ottawa CAN"]
[Date "2014.06.21"]
[Round "3"]
[White "Gelblum, Robert"]
[Black "Doubleday, William"]
[Result "0-1"]
[WhiteElo "2243"]
[BlackElo "2208"]
[PlyCount "136"]
[EventDate "2014.06.20"]
[EventType "swiss"]
[EventRounds "5"]
[EventCountry "CAN"]

1. e4 c5 2. Nf3 Nc6 3. Bb5 d6 4. c3 Qc7 5. O-O a6 6. Ba4 Nf6 7. Qe2 b5 8. Bc2
e5 9. d3 Be7 10. h3 O-O 11. Rd1 h6 12. Nbd2 Re8 13. Nf1 Bf8 14. Ng3 g6 15. Nh2
Bg7 16. Rf1 d5 17. Bd2 Be6 18. f3 c4 19. Ng4 cxd3 20. Bxd3 Nxg4 21. hxg4 d4 22.
a4 Rab8 23. axb5 axb5 24. Rfc1 Qb6 25. Kf1 Na5 26. Rd1 Nb3 27. Rab1 Nc5 28. b3
Bxb3 29. Rxb3 Nxb3 30. Rb1 Nxd2+ 31. Qxd2 dxc3 32. Qxc3 b4 33. Qb3 Qe3 34. Ne2
Bf8 35. Bc4 Qxb3 36. Bxb3 Ra8 37. Ke1 Ra7 38. Bd5 Rc8 39. Kd2 Bc5 40. Kd3 Rcc7
41. Bc4 Kg7 42. Bd5 Ra3+ 43. Rb3 Rxb3+ 44. Bxb3 Be7 45. Bd5 Bg5 46. Bb3 h5 47.
gxh5 gxh5 48. Bc4 h4 49. Bb3 Be7 50. Bd5 Ra7 51. Bc4 Ra3+ 52. Kc2 Bc5 53. Bb3
Bd4 54. Bc4 Bf2 55. Bb3 Kf6 56. Bd5 Rxf3 57. Bc4 Ra3 58. Bb3 Kg6 59. Kb2 f5 60.
exf5+ Kxf5 61. Bc2+ e4 62. Bb3 Ke5 63. Bc4 Bd4+ 64. Kc2 Ra7 65. Kb3 Bc5 66. Nc1
Rg7 67. Bf1 h3 68. gxh3 Rg1 0-1